000 00764nam a2200253Ia 4500
003 OSt
005 20220923223053.0
006 a|||||r|||| 00| 0
007 ta
008 220922b |||||||| |||| 00| 0 hin d
024 _a210,710
037 _cTextual
040 _aARTS
_cARTS
_bhin
041 _2hin
_ahin
082 _aO152,3N32x, k7;M9
100 _aचिरंजींत
_9156277
245 0 _aसिलबिलनामा
246 _aSilabilanāmā
260 _aनई दिल्ली
_b पुस्तकायन
_c1989
300 _a136पृ.
_ccm.
650 _aहिन्दी साहित्य
_9156264
942 _hO152,3N32x, k7;M9
_cTEXL
_2CC
999 _c360989
_d360989